000 00835nam a2200253 a 4500
008
020 _a02087402222(pbk. )
049 _aMAIN
090 _aHF5616 ACC
245 0 0 _aACCA Practice & Revision Kit Professional Paper13 :
_bFinancial Reporting Environment /
_cAssociation of Chartered Certified Accountants.
250 _a8th ed.
260 _aLondon :
_bBPP Publishing,
_c2001.
300 _axxx, 290 p. :
_bill. ;
_c30 cm.
440 _aBPP Publishing Books.
500 _a"For June 2001 exams."
650 0 _aAccounting
650 0 _aAccounting
_vProblems, exercises, etc.
710 2 _aAssociation of Chartered Certified Accountants.
907 _a.b10242429
_b09-05-07
_c04-05-07
003
005 20230123134438.0
040 _cNUST
942 _cBOOKS
_kHF5616 ACC
999 _c166057
_d166057